Prénoms masculins les plus donnés en 2019 - Statistiques

Statistiques générales
  • Ce quiz a été pris 3 152 fois
  • Le résultat moyen est 41 sur 100
Statistiques - réponses
Ordre Première lettre Réponse % Correct
11 L Léo
88%
3 L Louis
84%
6 J Jules
81%
34 P Paul
81%
1 G Gabriel
80%
4 L Lucas
80%
29 T Théo
79%
90 J Julien
75%
27 N Nathan
75%
42 T Thomas
74%
52 A Antoine
72%
12 H Hugo
69%
9 T Tom
67%
60 A Alexandre
66%
36 N Noa
66%
2 R Raphaël
65%
5 A Arthur
64%
18 V Victor
64%
49 M Maxime
63%
63 J Jean
62%
46 V Valentin
61%
20 M Mathis
60%
51 E Enzo
58%
39 N Noé
56%
14 C Clément
54%
45 L Léon
54%
66 M Mathéo
54%
54 W William
54%
30 B Baptiste
53%
8 N Noah
53%
26 E Ethan
52%
37 A Alexis
51%
86 K Kylian
51%
38 S Simon
50%
48 M Martin
49%
16 M Maël
48%
35 S Samuel
47%
19 T Timéo
47%
41 A Axel
46%
17 G Gabin
46%
78 E Elio
45%
7 L Liam
45%
82 Y Yanis
45%
62 B Benjamin
43%
40 S Sacha
43%
73 D David
42%
67 M Mohamed
42%
55 A Adrien
41%
72 M Maxence
41%
15 A Adam
40%
44 N Nolan
40%
99 B Bastien
39%
21 E Evan
39%
76 M Mattéo
39%
95 T Timothé
38%
25 R Robin
36%
50 G Gaspard
35%
91 O Oscar
35%
59 E Eliott
34%
96 F Florian
33%
64 N Nino
32%
58 D Dorian
30%
33 M Malo
30%
70 M Matéo
30%
22 M Milo
30%
92 A Antonin
29%
32 E Esteban
29%
28 A Aaron
27%
10 E Eden
27%
24 M Marius
27%
23 N Noam
27%
65 N Naël
26%
53 A Augustin
25%
57 M Mathys
24%
56 M Milan
24%
43 T Tiago
24%
94 L Léandre
23%
85 J Joseph
21%
74 P Pablo
21%
93 D Diego
20%
13 L Lenny
20%
31 O Owen
20%
80 E Erwan
19%
77 L Louka
19%
97 S Soan
19%
79 M Marceau
18%
100 K Kenzo
17%
83 L Lorenzo
17%
89 C Côme
16%
88 L Lyam
16%
98 A Amaury
14%
75 L Logan
14%
47 T Thiago
14%
69 L Leny
13%
87 A Ayden
12%
81 N Nathaël
10%
84 S Sandro
10%
71 N Noham
9%
61 L Lisandro
8%
68 J Julyann
7%
Aucun quiz correspondant
Distribution des résultats
% des personnes avec chaque résultat
Percentile par nombre de réponses
Votre historique - résultats
Vous n’avez pas pris ce quiz